Calciatori inglesi nella Squadra della stagione della Champions - Statistics

Statistiche generali
  • Questo quiz è stato fatto 3 volte
    2 dall'ultimo reset
  • Il punteggio medio è 5 su 9
Statistiche sulle risposte
Numero apparizioni Edizioni apparizioni Squadra Calciatore % Corretto
1 2023-2024 Bayern Monaco Harry Kane
100%
1 2023-2024 Real Madrid Jude Bellingham
100%
2 2020-2021; 2023-2024 Manchester City Phil Foden
100%
1 2022-2023 Manchester City John Stones
50%
2 2018-2019; 2019-2020 Manchester City Raheem Sterling
50%
2 2018-2019; 2021-2022 Liverpool Trent Alexander-Arnold
50%
1 2020-2021 Chelsea Ben Chilwell
0%
1 2022-2023 Manchester City Kyle Walker
0%
1 2020-2021 Chelsea Mason Mount
0%
Nessun quiz corrispondente trovato
Distribuzione punteggi
Percentuale di utenti per punteggio
Percentile per numero di risposta
I tuoi punteggi nel tempo
Non hai fatto questo quiz dall'ultimo reset